01191 2200361 4500001002100000005001500021035002000036007000300056008004100059020002200100082001900122084001900141100004300160245009600203250003600299300002800335650002000363264013100383336002100514337003000535338002300565040002200588090002200610090002200632700002900654700002800683850001200711999002200723990002200745990002000767990002000787990002200807INLIS00000000088041120230728084319 a0010-0723000782ta230728s2021 yoi g 1 ind d a978-623-5677-04-004223a899.221301 a899.2213 SOE t1 aSoeratman Sastradiardja, M.ePengarang10aTeman baru /cM. Soeratman Sastradiardja: penyunting, Sri Haryatmo; penerjemah, Umi Kuntari aCetakan Pertama, September 2021 avi, 90 halaman ;c21 cm 4aFiksi Indonesia31aYogyakarta :bKementerian Pendidikan, Kebudayaan, Riset, dan Teknologi Balai Bahasa Provinsi Daerah Istimewa Yogyakarta,c2021 2rdacontentateks 2rdamediaatanpa perantara 2rdacarrieravolume aYOPDYOGbinderda aCB-D.11 2021-4214 aPK 899.2213 SOE t0 aSri HaryatmoePenyunting0 aUmu KuntariePenerjemah aYOPDYOG aCB-D.11/2021-4214 aCB-D.11/2021-4214 a71040-PD/A.2023 a71040-PD/A.2023 aCB-D.11/2021-4214